000 00591nam a2200217 i 4500
001 bgj
100 1 _aVANDER ZANDEN, James [Wilfrid]
245 1 0 _aSocial psychology /
_cJames W. Vander Zanden.
250 _a4th edition.
260 _aNew York [etc.] :
_bMcGraw-Hill, Inc.,
_cc. 1987.
300 _aVII, 646 :
_bill. ;
_c25 cm.
504 _aBibliography p. 573-629.
505 _aIncludes index.
650 9 _aSocial psychology
020 _a0075539454
040 _cBPK
041 0 _aeng
920 _a0-07-553945-4
942 _cKS
008 s uk f |000 0 eng
999 _c47719
_d47719
856 _uhttp://koha.tu.koszalin.pl/cgi-bin/koha/opac-detail.pl?biblionumber=47719
_yKatalog online BPK